000 01144nam a2200349Ia 4500
001 398412
003 EC-QuCCB
005 20220630151225.0
006 a||||gr|||| 010 ed
007 ta
008 130917s1927 ec go 010 edspa d
040 _aEC-QuCCB
041 0 _aspa
043 _as
082 0 _a928
_2G638
100 _aSánchez, Luis Alberto,
_d1900-1994
_97415
245 1 0 _aGóngora en América y el Lunarejo y Góngora
_cpor Luis Alberto Sánchez
260 _aQuito, Ecuador :
_bImprenta Nacional,
_c1927
300 _a38 páginas ;
_c22 cm
336 _atexto
_btxt
337 _ano mediado
_bn
338 _avolumen
_bnc
490 _aPublicaciones de la Biblioteca Nacional de Quito
504 _aBibliografía : páginas 37-38
505 0 _aEl conceptismo y el culteranismo en la vida colonial americana, Góngora y el Lunarejo,
590 _ajcc
600 1 _aGóngora y Argote, Luis de,
_93137
_d1561-1627
650 4 _aEscritores
_xCrítica e interpretación
650 0 _918941
_aEnsayos ecuatorianos
856 _uhttp://repositorio.casadelacultura.gob.ec/handle/34000/18192
942 _2ddc
_cCF
999 _c36208
_d36208